000 00269nam a2200109Ia 4500
008 200302s9999 xx 000 0 und d
100 _aCaroline Holmes
245 _aIcons of Garden Design
260 _bPrestel Verlag Publishing Ltd.
260 _c2001
300 _a176 P.,
999 _c1235
_d1235